000 00508cam a2200205ua 4500
001 1042
005 20260515113251.0
008 110427n ii |||gr||||Z||||||eng
020 _a0-7069-2396-0
040 _cMAIN
082 _a320.954
245 1 _aIndian government & politics.
_cBy D C Gupta.
250 _a6th.
260 _aNew Delhi.:
_bVikash.,983.
300 _a672 p.:
_c23 cm.
653 _aPolitical science.
653 _aIndian government & politics.
700 1 _aGupta, D C.,
942 _cBK
999 _c959
_d959